| 000 | 01262nam a2200313Ia 4500 | ||
|---|---|---|---|
| 003 | GCL | ||
| 008 | 140319s9999 xx 000 0 ara d | ||
| 040 |
_aGCL / _cGCL |
||
| 082 | 0 | 4 |
_a814 _bم ب |
| 100 | 1 | _aمحمد الطيار | |
| 245 | 1 | 0 |
_aبحوث سوفيتية جديدة فى الادب العربى: مجموعة مقالات / _cمحمد الطيار |
| 700 | 1 | _aكيربتشنكو, فاليريا | |
| 700 | 1 | _aكوريلين, الكسندر | |
| 490 |
_aالهيئة العامة للاستعلامات _v0 |
||
| 650 | 0 | 4 | _aالشعر العربى |
| 650 | 0 | 4 | _aالتراث العربى |
| 650 | 0 | 4 | _aالشعر العربى - تاريخ ونقد |
| 650 | 0 | 4 | _aالشعر السودانى |
| 650 | 0 | 4 | _aالشعر الرومانسى |
| 650 | 0 | 4 | _aالمسرح العربى |
| 650 | 0 | 4 | _aالشعر العربى - العصر الحديث |
| 650 | 0 | 4 | _aالمسرحيات العربية - تاريخ ونقد |
| 650 | 0 | 4 | _aالنثر العربى - مصر |
| 650 | 0 | 4 | _aالنثر العربى - فلسطين |
| 650 | 0 | 4 | _aالتراث العربى - مصر |
| 650 | 0 | 4 | _aالبحوث - الاتحاد السوفيتى |
| 650 | 0 | 4 | _aالشعر العربى - تاريخ ونقد - العصر الجاهلى |
| 942 |
_2ddc _cBK |
||
| 999 |
_c50973 _d50973 |
||